Política y coportamientos sociales en América Latina /

Toda vez que se habla del proceso político latinoamericano se enfatiza en la determinación de las variables que conducen a la quiebra del denominado "Estado de compromiso", "Estado democrático burgués" o, cualesquiera sea el título con que se ha querido significar un tipo de rela...

Celý popis

Uloženo v:
Podrobná bibliografie
Hlavní autor: Feletto, Enzo
Další autoři: Kirkwood, Julieta
Médium: Text
Témata:
Tagy: Přidat tag
Žádné tagy, Buďte první, kdo vytvoří štítek k tomuto záznamu!

MARC

LEADER 00000 a a2200000 04500
001 16735
003
040
100 |a Feletto, Enzo  
245 |a Política y coportamientos sociales en América Latina /  |c Enzo Feletto 
520 |a Toda vez que se habla del proceso político latinoamericano se enfatiza en la determinación de las variables que conducen a la quiebra del denominado "Estado de compromiso", "Estado democrático burgués" o, cualesquiera sea el título con que se ha querido significar un tipo de relación política que implicó ciertos grados de participación de los distintos sectores sociales en la estructura de poder y, la existencia en él, de determinados modos o estructuras institucionales de participación o incorporación social. La mayoría de los analistas coinciden que tal crisis se genera a partir de las propias contradicciones que el sistema económico, político y social contiene, contradicciones que sólo es posible resolver a través de una redefinición del carácter del Estado  
650 |a POLITICA  
650 |a COMPORTAMIENTO POLITICO  
650 |a SOCIEDAD  
650 |a ESTADO  
650 |a ECONOMIA  
650 |a AMERICA LATINA  
700 |a Kirkwood, Julieta  
773 |g volumen 17, número 49; páginas 69-96  
999 |c 20465  |d 20465